000 00840nac a22002657a 4500
001 BR7600391
003 BR-BrBNA
005 20240105113911.0
008 230509b bl.|||m| |||| 00| 0 por d
040 _aBR-BrBNA
_bpor
_cBiblioteca Nacional de Agricultura
072 _aF00; E10
090 _a0336 BR7600391
110 1 _aEmpresa Brasileira de Pesquisa Agropecuaria, Brasilia, DF
_93834
245 1 _aSistema de producao para a soja - Goias [Cultura; Custo; Brasil]
260 3 _aBrasilia, DF (Brasil):
_c1975.
300 _a30 p.
490 _aCircular - Empresa Brasileira de Pesquisa Agropecuaria (Brazil)
_vno. 44
_x
500 _a10 tables
650 _aSOJA
650 _aGOIAS
650 _aPRATICA CULTURAL
650 _aCUSTO DE PRODUCAO
909 _a202312
_bLúcia Elande
_c55
_dLúcia Elande
942 _2AGRIS
_n0
_cMS
999 _c266234
_d266234